[Event "Greek Team Championship"]
[Site "chess24.com"]
[Date "2017.07.07"]
[Round "6"]
[White "Bastianou, Chrysoula"]
[Black "Vozinaki, Anthi - Maria"]
[Result "1-0"]
[Board "7"]
[WhiteElo "1643"]
[WhiteCountry "GRE"]
[WhiteFideId "4294106"]
[WhiteEloChange "15"]
[BlackElo "1837"]
[BlackCountry "GRE"]
[BlackFideId "4263898"]
[BlackEloChange "-15"]

1. d4 {[%clk 1:30:06]} Nf6 {[%clk 1:30:46]} 2. Nf3 {[%clk 1:30:30]} c5 {[%clk
1:30:39]} 3. d5 {[%clk 1:29:16]} g6 {[%clk 1:29:02]} 4. c4 {[%clk 1:11:19]} b5
{[%clk 1:26:48]} 5. cxb5 {[%clk 1:11:13]} a6 {[%clk 1:27:06]} 6. b6 {[%clk
1:08:24]} d6 {[%clk 1:24:58]} 7. Nc3 {[%clk 1:08:14]} Nbd7 {[%clk 1:24:14]} 8. e4
{[%clk 1:07:00]} Bg7 {[%clk 1:22:36]} 9. Be2 {[%clk 1:06:37]} O-O {[%clk
1:22:20]} 10. O-O {[%clk 1:06:35]} Nxb6 {[%clk 1:15:34]} 11. Bf4 {[%clk 1:01:05]}
Nfd7 {[%clk 1:09:10]} 12. Qd2 {[%clk 0:54:23]} Rb8 {[%clk 1:02:13]} 13. Rab1
{[%clk 0:50:33]} Qc7 {[%clk 0:59:41]} 14. Rfc1 {[%clk 0:48:52]} Bb7 {[%clk
0:53:03]} 15. b4 {[%clk 0:33:31]} Rfc8 {[%clk 0:42:14]} 16. bxc5 {[%clk 0:21:48]}
Nxc5 {[%clk 0:41:21]} 17. Be3 {[%clk 0:20:05]} Qd8 {[%clk 0:35:19]} 18. Bd4
{[%clk 0:18:02]} Nbd7 {[%clk 0:33:10]} 19. Bxg7 {[%clk 0:16:33]} Kxg7 {[%clk
0:33:35]} 20. Nd4 {[%clk 0:14:36]} Nf6 {[%clk 0:24:49]} 21. f3 {[%clk 0:12:12]}
Kg8 {[%clk 0:22:32]} 22. Nd1 {[%clk 0:08:37]} Ba8 {[%clk 0:14:56]} 23. Ne3 {[%clk
0:07:35]} Rxb1 {[%clk 0:12:46]} 24. Rxb1 {[%clk 0:08:01]} Qc7 {[%clk 0:12:29]}
25. Qb4 {[%clk 0:05:04]} Nfd7 {[%clk 0:11:42]} 26. Nc4 {[%clk 0:04:51]} Rb8
{[%clk 0:10:44]} 27. Qe1 {[%clk 0:04:50]} Na4 {[%clk 0:08:35]} 28. Rxb8+ {[%clk
0:03:29]} Qxb8 {[%clk 0:08:51]} 29. Nb3 {[%clk 0:03:19]} Ndc5 {[%clk 0:07:51]}
30. Nxc5 {[%clk 0:02:39]} Qa7 {[%clk 0:06:31]} 31. Qb4 {[%clk 0:01:53]} Nxc5
{[%clk 0:05:48]} 32. Qb6 {[%clk 0:01:57]} Qxb6 {[%clk 0:05:36]} 33. Nxb6 {[%clk
0:02:22]} Bb7 {[%clk 0:06:02]} 34. Kf2 {[%clk 0:02:19]} Kf8 {[%clk 0:04:27]} 35.
Ke3 {[%clk 0:02:30]} Ke8 {[%clk 0:04:25]} 36. Kd4 {[%clk 0:02:15]} Kd8 {[%clk
0:03:09]} 37. Nc4 {[%clk 0:01:29]} e5+ {[%clk 0:00:47]} 38. dxe6 {[%clk 0:00:51]}
Nxe6+ {[%clk 0:01:02]} 39. Ke3 {[%clk 0:01:01]} Ke7 {[%clk 0:00:53]} 40. Na5
{[%clk 0:31:08]} Bc8 {[%clk 0:31:00]} 41. Nc6+ {[%clk 0:30:05]} Kf6 {[%clk
0:28:43]} 42. Nb4 {[%clk 0:29:44]} Nc5 {[%clk 0:27:52]} 43. Nd5+ {[%clk 0:29:25]}
Kg7 {[%clk 0:27:12]} 44. Kd4 {[%clk 0:26:10]} Bb7 {[%clk 0:24:27]} 45. Bc4 {[%clk
0:23:54]} g5 {[%clk 0:20:15]} 46. Nc7 {[%clk 0:21:13]} Kf8 {[%clk 0:13:38]} 47.
e5 {[%clk 0:19:20]} Ke7 {[%clk 0:13:31]} 48. exd6+ {[%clk 0:19:33]} Kxd6 {[%clk
0:13:54]} 49. Ne8+ {[%clk 0:19:17]} Kc6 {[%clk 0:12:52]} 50. Bd5+ {[%clk
0:18:25]} Kb6 {[%clk 0:12:37]} 51. Bxf7 {[%clk 0:18:12]} g4 {[%clk 0:09:00]} 52.
fxg4 {[%clk 0:17:13]} Bxg2 {[%clk 0:09:23]} 53. Nf6 {[%clk 0:16:48]} Bh3 {[%clk
0:05:34]} 54. Nd5+ {[%clk 0:15:18]} Kc6 {[%clk 0:05:33]} 55. Ne7+ {[%clk
0:14:43]} Kd7 {[%clk 0:02:54]} 56. Kxc5 {[%clk 0:12:55]} Kxe7 {[%clk 0:03:20]}
57. Bh5 {[%clk 0:13:05]} Kf6 {[%clk 0:03:19]} 58. Kb6 {[%clk 0:13:30]} Bf1 {[%clk
0:03:37]} 59. h4 {[%clk 0:13:02]} Ke5 {[%clk 0:01:47]} 60. a4 {[%clk 0:08:15]}
Kf4 {[%clk 0:01:32]} 61. g5 {[%clk 0:08:26]} Kg3 {[%clk 0:01:32]} 62. g6 {[%clk
0:08:38]} hxg6 {[%clk 0:01:54]} 63. Bxg6 {[%clk 0:09:04]} Kxh4 {[%clk 0:02:20]}
64. Be4 {[%clk 0:09:18]} Kg5 {[%clk 0:02:29]} 65. Bb7 {[%clk 0:09:25]} a5 {[%clk
0:01:50]} 66. Kxa5 {[%clk 0:09:06]} Kf6 {[%clk 0:02:08]} 67. Kb6 {[%clk 0:09:32]}
Ke6 {[%clk 0:02:27]} 68. Ba6 {[%clk 0:07:50]} Bg2 {[%clk 0:02:45]} 69. Bb5 {[%clk
0:08:10]} Kd6 {[%clk 0:02:57]} 70. a5 {[%clk 0:08:22]} Ke7 {[%clk 0:01:30]} 71.
a6 {[%clk 0:08:38]} Kd8 {[%clk 0:01:47]} 72. Bc6 {[%clk 0:08:29]} Bxc6 {[%clk
0:01:56]} 73. Kxc6 {[%clk 0:08:51]} 1-0

[Event "Greek Team Championship"]
[Site "chess24.com"]
[Date "2017.07.07"]
[Round "6"]
[White "Papadopoulos, Argirios"]
[Black "Kouskoutis, Georgios-Alexandros"]
[Result "0-1"]
[Board "8"]
[WhiteElo "2176"]
[WhiteTitle "FM"]
[WhiteCountry "GRE"]
[WhiteFideId "4241509"]
[WhiteEloChange "-8"]
[BlackElo "2242"]
[BlackCountry "GRE"]
[BlackFideId "4234049"]
[BlackEloChange "8"]

1. e4 {[%clk 1:21:42]} e5 {[%clk 1:30:50]} 2. Nf3 {[%clk 1:22:06]} Nc6 {[%clk
1:31:16]} 3. d4 {[%clk 1:22:15]} exd4 {[%clk 1:31:40]} 4. Bc4 {[%clk 1:22:40]}
Bc5 {[%clk 1:31:47]} 5. Ng5 {[%clk 1:23:00]} Nh6 {[%clk 1:31:54]} 6. Bxf7+ {[%clk
1:23:22]} Nxf7 {[%clk 1:32:16]} 7. Nxf7 {[%clk 1:23:49]} Kxf7 {[%clk 1:32:40]} 8.
Qh5+ {[%clk 1:24:16]} g6 {[%clk 1:33:03]} 9. Qxc5 {[%clk 1:24:39]} d5 {[%clk
1:32:46]} 10. Nd2 {[%clk 0:43:27]} Re8 {[%clk 1:25:39]} 11. f3 {[%clk 0:30:11]}
dxe4 {[%clk 0:59:49]} 12. Nxe4 {[%clk 0:30:34]} Qh4+ {[%clk 0:57:23]} 13. Kf1
{[%clk 0:22:36]} Re5 {[%clk 0:52:57]} 14. Qa3 {[%clk 0:18:45]} Be6 {[%clk
0:48:18]} 15. Bd2 {[%clk 0:17:46]} Kg7 {[%clk 0:39:37]} 16. Be1 {[%clk 0:15:05]}
Qh5 {[%clk 0:39:41]} 17. Ng3 {[%clk 0:12:37]} Qg5 {[%clk 0:38:04]} 18. h4 {[%clk
0:09:40]} Bc4+ {[%clk 0:34:37]} 19. Kf2 {[%clk 0:04:52]} Qf4 {[%clk 0:34:46]} 20.
Rd1 {[%clk 0:02:45]} Rae8 {[%clk 0:34:47]} 21. h5 {[%clk 0:02:32]} Rg5 {[%clk
0:28:30]} 22. h6+ {[%clk 0:02:16]} Kf7 {[%clk 0:27:18]} 23. Rh3 {[%clk 0:01:58]}
Rxe1 {[%clk 0:08:18]} 24. Rxe1 {[%clk 0:01:51]} Ra5 {[%clk 0:08:03]} 25. Ne2
{[%clk 0:00:41]} Qd2 {[%clk 0:07:43]} 26. Qxa5 {[%clk 0:00:32]} Qxa5 {[%clk
0:05:40]} 27. c3 {[%clk 0:00:33]} d3 {[%clk 0:05:05]} 28. Rh4 {[%clk 0:00:41]}
dxe2 {[%clk 0:02:50]} 29. Rxc4 {[%clk 0:00:42]} Qb6+ {[%clk 0:03:08]} 30. Kg3
{[%clk 0:00:38]} Qxb2 {[%clk 0:02:17]} 31. Rf4+ {[%clk 0:00:37]} Kg8 {[%clk
0:01:38]} 32. Re4 {[%clk 0:00:54]} Qd2 {[%clk 0:01:49]} 33. R1xe2 {[%clk
0:01:21]} Qxh6 {[%clk 0:01:49]} 34. f4 {[%clk 0:00:58]} Qh5 {[%clk 0:01:54]} 35.
Rd2 {[%clk 0:00:40]} Qf5 {[%clk 0:01:20]} 36. Kf3 {[%clk 0:01:09]} h5 {[%clk
0:00:47]} 37. c4 {[%clk 0:01:03]} Kf7 {[%clk 0:00:45]} 38. Rd5 {[%clk 0:01:12]}
Qg4+ {[%clk 0:01:11]} 39. Kf2 {[%clk 0:01:24]} Ne7 {[%clk 0:00:53]} 40. Rd8
{[%clk 0:30:35]} h4 {[%clk 0:30:48]} 41. Rd3 {[%clk 0:25:49]} Qf5 {[%clk
0:29:02]} 42. Red4 {[%clk 0:22:09]} Qc5 {[%clk 0:27:42]} 43. Kf3 {[%clk 0:21:58]}
Nf5 {[%clk 0:26:44]} 44. Re4 {[%clk 0:21:45]} Ng3 {[%clk 0:25:36]} 45. Re5 {[%clk
0:13:56]} Qxc4 {[%clk 0:25:14]} 46. Rd8 {[%clk 0:11:54]} Qf1+ {[%clk 0:24:23]}
47. Ke3 {[%clk 0:10:14]} Qe2+ {[%clk 0:24:40]} 0-1

[Event "Greek Team Championship"]
[Site "chess24.com"]
[Date "2017.07.07"]
[Round "6"]
[White "Androutsopoulos-Agiotatos, Vasil"]
[Black "Georgakopoulos, Nikolaos K."]
[Result "1-0"]
[Board "9"]
[WhiteElo "2088"]
[WhiteCountry "GRE"]
[WhiteFideId "4268130"]
[WhiteEloChange "9"]
[BlackElo "2047"]
[BlackCountry "GRE"]
[BlackFideId "4283430"]
[BlackEloChange "-9"]

1. e4 {[%clk 1:30:02]} g6 {[%clk 1:30:54]} 2. d4 {[%clk 1:30:19]} Bg7 {[%clk
1:31:20]} 3. c4 {[%clk 1:30:45]} d6 {[%clk 1:31:39]} 4. Nc3 {[%clk 1:31:03]} Nf6
{[%clk 1:31:46]} 5. h3 {[%clk 1:29:45]} O-O {[%clk 1:31:39]} 6. Be3 {[%clk
1:29:33]} Na6 {[%clk 1:28:02]} 7. g4 {[%clk 1:26:05]} c5 {[%clk 1:25:55]} 8. Nge2
{[%clk 1:26:14]} cxd4 {[%clk 1:16:17]} 9. Nxd4 {[%clk 1:26:10]} Nc5 {[%clk
1:12:04]} 10. Bg2 {[%clk 1:24:37]} Be6 {[%clk 1:08:06]} 11. b3 {[%clk 1:15:52]}
a6 {[%clk 1:04:04]} 12. O-O {[%clk 1:13:14]} Rb8 {[%clk 1:02:10]} 13. b4 {[%clk
0:56:24]} Ncd7 {[%clk 1:01:34]} 14. Nd5 {[%clk 0:56:10]} Ne5 {[%clk 0:43:12]} 15.
Qe2 {[%clk 0:48:26]} Nc6 {[%clk 0:37:40]} 16. Rad1 {[%clk 0:44:43]} Ne8 {[%clk
0:20:14]} 17. Nb3 {[%clk 0:41:14]} b6 {[%clk 0:15:48]} 18. f4 {[%clk 0:36:09]}
Kh8 {[%clk 0:09:19]} 19. Qf2 {[%clk 0:24:54]} b5 {[%clk 0:08:51]} 20. c5 {[%clk
0:24:22]} a5 {[%clk 0:07:55]} 21. cxd6 {[%clk 0:21:08]} Bxd5 {[%clk 0:07:00]} 22.
exd5 {[%clk 0:21:21]} Nxb4 {[%clk 0:06:52]} 23. dxe7 {[%clk 0:21:02]} Qxe7 {[%clk
0:07:16]} 24. Bc5 {[%clk 0:19:52]} Nd6 {[%clk 0:07:16]} 25. Nxa5 {[%clk 0:20:10]}
Na6 {[%clk 0:06:28]} 26. Nc6 {[%clk 0:19:33]} Qc7 {[%clk 0:06:21]} 27. Bxd6
{[%clk 0:17:07]} Qxd6 {[%clk 0:06:48]} 28. Nxb8 {[%clk 0:17:30]} Nxb8 {[%clk
0:06:21]} 29. Kh1 {[%clk 0:17:20]} Nd7 {[%clk 0:05:52]} 30. Rc1 {[%clk 0:16:58]}
Nf6 {[%clk 0:03:08]} 31. Rc6 {[%clk 0:16:12]} Qd7 {[%clk 0:02:56]} 32. d6 {[%clk
0:14:28]} Rd8 {[%clk 0:03:03]} 33. Re1 {[%clk 0:13:19]} Re8 {[%clk 0:02:52]} 34.
g5 {[%clk 0:10:50]} 1-0

[Event "Greek Team Championship"]
[Site "chess24.com"]
[Date "2017.07.07"]
[Round "6"]
[White "Fyntrilakis, Kyriakos"]
[Black "Krallis, Christos"]
[Result "1-0"]
[Board "10"]
[WhiteElo "1647"]
[WhiteCountry "GRE"]
[WhiteFideId "4286030"]
[WhiteEloChange "18"]
[BlackElo "2218"]
[BlackCountry "GRE"]
[BlackFideId "4298896"]
[BlackEloChange "-18"]

1. e4 {[%clk 1:30:55]} c5 {[%clk 1:29:58]} 2. Nf3 {[%clk 1:31:19]} g6 {[%clk
1:30:17]} 3. c4 {[%clk 1:31:41]} Bg7 {[%clk 1:30:42]} 4. d4 {[%clk 1:32:06]} cxd4
{[%clk 1:31:05]} 5. Nxd4 {[%clk 1:32:30]} Nc6 {[%clk 1:31:29]} 6. Be3 {[%clk
1:32:54]} Nf6 {[%clk 1:31:53]} 7. Nc3 {[%clk 1:33:18]} O-O {[%clk 1:32:18]} 8.
Be2 {[%clk 1:33:38]} d6 {[%clk 1:32:36]} 9. O-O {[%clk 1:33:57]} Bd7 {[%clk
1:32:58]} 10. Qd2 {[%clk 1:31:22]} Nxd4 {[%clk 1:33:16]} 11. Bxd4 {[%clk
1:31:48]} a5 {[%clk 1:33:27]} 12. f4 {[%clk 1:29:37]} Bc6 {[%clk 1:29:50]} 13.
Bd3 {[%clk 1:29:03]} a4 {[%clk 1:28:50]} 14. a3 {[%clk 1:27:39]} Nd7 {[%clk
1:27:40]} 15. Bxg7 {[%clk 1:27:07]} Kxg7 {[%clk 1:26:29]} 16. Rf3 {[%clk
1:20:52]} Nc5 {[%clk 1:23:19]} 17. Bc2 {[%clk 1:20:26]} Qb6 {[%clk 1:21:05]} 18.
Kh1 {[%clk 1:19:02]} Qxb2 {[%clk 1:05:48]} 19. Rb1 {[%clk 1:18:04]} Nb3 {[%clk
1:05:10]} 20. Qf2 {[%clk 1:08:23]} Qxa3 {[%clk 1:05:19]} 21. Bxb3 {[%clk
1:06:54]} axb3 {[%clk 1:05:21]} 22. Qd4+ {[%clk 1:07:11]} f6 {[%clk 1:05:15]} 23.
Nd5 {[%clk 1:07:16]} Bxd5 {[%clk 1:05:13]} 24. exd5 {[%clk 1:07:20]} Qc5 {[%clk
0:51:38]} 25. Qxc5 {[%clk 1:04:42]} dxc5 {[%clk 0:51:50]} 26. Rfxb3 {[%clk
1:04:59]} Rfb8 {[%clk 0:51:34]} 27. g3 {[%clk 1:04:51]} Ra4 {[%clk 0:51:10]} 28.
Rxb7 {[%clk 0:59:01]} Rxb7 {[%clk 0:51:10]} 29. Rxb7 {[%clk 0:59:27]} Kf8 {[%clk
0:51:20]} 30. Rb8+ {[%clk 0:59:45]} Kf7 {[%clk 0:51:22]} 31. Rc8 {[%clk 0:46:39]}
Rxc4 {[%clk 0:51:19]} 32. Kg2 {[%clk 0:45:59]} Rc2+ {[%clk 0:51:00]} 33. Kf3
{[%clk 0:46:13]} Rc3+ {[%clk 0:48:58]} 34. Ke2 {[%clk 0:46:27]} Rc2+ {[%clk
0:49:14]} 35. Ke3 {[%clk 0:46:45]} f5 {[%clk 0:49:07]} 36. Kf3 {[%clk 0:44:24]}
c4 {[%clk 0:47:23]} 37. Ke3 {[%clk 0:43:21]} c3 {[%clk 0:42:13]} 38. Kd3 {[%clk
0:35:05]} Rxh2 {[%clk 0:42:24]} 39. Rxc3 {[%clk 0:35:23]} Rh3 {[%clk 0:41:47]}
40. Ke2 {[%clk 1:02:58]} h5 {[%clk 1:11:30]} 41. Rc7 {[%clk 0:51:05]} Rxg3 {[%clk
1:08:10]} 42. d6 {[%clk 0:51:06]} Ra3 {[%clk 1:01:30]} 43. d7 {[%clk 0:48:46]}
Ra2+ {[%clk 1:00:30]} 44. Kd1 {[%clk 0:48:22]} Ra1+ {[%clk 1:00:24]} 45. Rc1
{[%clk 0:48:37]} Ra8 {[%clk 0:59:34]} 46. Rc8 {[%clk 0:48:58]} Ra1+ {[%clk
0:58:54]} 47. Ke2 {[%clk 0:39:25]} Ra2+ {[%clk 0:59:03]} 48. Kf3 {[%clk 0:38:56]}
Ra3+ {[%clk 0:58:01]} 49. Kg2 {[%clk 0:39:14]} Rd3 {[%clk 0:58:18]} 50. d8Q
{[%clk 0:39:36]} Rxd8 {[%clk 0:58:41]} 51. Rxd8 {[%clk 0:40:02]} Kf6 {[%clk
0:59:05]} 52. Kh3 {[%clk 0:40:17]} e6 {[%clk 0:58:04]} 53. Kh4 {[%clk 0:40:29]}
Ke7 {[%clk 0:58:28]} 54. Ra8 {[%clk 0:40:46]} Kf6 {[%clk 0:58:51]} 55. Ra6 {[%clk
0:41:11]} 1-0

[Event "Greek Team Championship"]
[Site "chess24.com"]
[Date "2017.07.07"]
[Round "6"]
[White "Mista, Aleksander"]
[Black "Macieja, Bartlomiej"]
[Result "1/2-1/2"]
[Board "1"]
[WhiteElo "2605"]
[WhiteTitle "GM"]
[WhiteCountry "POL"]
[WhiteFideId "1110381"]
[WhiteEloChange "-1"]
[BlackElo "2537"]
[BlackTitle "GM"]
[BlackCountry "POL"]
[BlackFideId "1104306"]
[BlackEloChange "1"]

1. e4 {[%clk 1:30:56]} c6 {[%clk 1:30:55]} 2. d4 {[%clk 1:31:10]} d5 {[%clk
1:31:23]} 3. Nc3 {[%clk 1:31:34]} dxe4 {[%clk 1:31:46]} 4. Nxe4 {[%clk 1:32:01]}
Bf5 {[%clk 1:32:09]} 5. Ng3 {[%clk 1:32:23]} Bg6 {[%clk 1:32:34]} 6. h4 {[%clk
1:32:48]} h6 {[%clk 1:32:58]} 7. Nf3 {[%clk 1:33:11]} Nd7 {[%clk 1:32:42]} 8. h5
{[%clk 1:33:32]} Bh7 {[%clk 1:33:09]} 9. Bd3 {[%clk 1:33:44]} Bxd3 {[%clk
1:33:20]} 10. Qxd3 {[%clk 1:34:08]} Ngf6 {[%clk 1:32:14]} 11. Bf4 {[%clk
1:32:13]} Qa5+ {[%clk 1:30:03]} 12. Bd2 {[%clk 1:32:35]} Qc7 {[%clk 1:30:28]} 13.
O-O-O {[%clk 1:32:55]} e6 {[%clk 1:30:53]} 14. Ne4 {[%clk 1:33:04]} O-O-O {[%clk
1:31:14]} 15. g3 {[%clk 1:33:25]} Nxe4 {[%clk 1:31:36]} 16. Qxe4 {[%clk 1:33:52]}
Bd6 {[%clk 1:31:59]} 17. c4 {[%clk 1:33:53]} c5 {[%clk 1:32:20]} 18. Bc3 {[%clk
1:34:13]} Nf6 {[%clk 1:32:02]} 19. Qe2 {[%clk 1:34:39]} cxd4 {[%clk 1:32:24]} 20.
Nxd4 {[%clk 1:35:06]} a6 {[%clk 1:32:50]} 21. Nb3 {[%clk 1:29:41]} Qc6 {[%clk
1:26:44]} 22. Rhe1 {[%clk 1:20:40]} Bc5 {[%clk 1:08:18]} 23. Nxc5 {[%clk
1:08:39]} Qxc5 {[%clk 1:08:38]} 24. Bxf6 {[%clk 1:08:57]} gxf6 {[%clk 1:08:53]}
25. b3 {[%clk 1:05:17]} Qg5+ {[%clk 0:57:29]} 26. Kc2 {[%clk 1:04:46]} Qf5+
{[%clk 0:57:20]} 27. Kc1 {[%clk 1:01:26]} Qg5+ {[%clk 0:57:38]} 28. Kc2 {[%clk
1:01:38]} Qf5+ {[%clk 0:57:32]} 29. Kc1 {[%clk 1:01:59]} Qg5+ {[%clk 0:57:53]}
30. Kc2 {[%clk 1:02:23]} Qf5+ {[%clk 0:58:18]} 1/2-1/2

[Event "Greek Team Championship"]
[Site "chess24.com"]
[Date "2017.07.07"]
[Round "6"]
[White "Moutousis, Konstantinos"]
[Black "Postny, Evgeny"]
[Result "0-1"]
[Board "2"]
[WhiteElo "2413"]
[WhiteTitle "IM"]
[WhiteCountry "GRE"]
[WhiteFideId "4200071"]
[WhiteEloChange "-3"]
[BlackElo "2581"]
[BlackTitle "GM"]
[BlackCountry "ISR"]
[BlackFideId "2804344"]
[BlackEloChange "3"]

1. Nf3 {[%clk 1:28:31]} Nf6 {[%clk 1:30:46]} 2. c4 {[%clk 1:28:50]} e6 {[%clk
1:31:10]} 3. g3 {[%clk 1:29:07]} d5 {[%clk 1:31:27]} 4. Bg2 {[%clk 1:29:05]} dxc4
{[%clk 1:31:35]} 5. Qa4+ {[%clk 1:29:04]} c6 {[%clk 1:31:52]} 6. Qxc4 {[%clk
1:28:49]} b5 {[%clk 1:32:17]} 7. Qc2 {[%clk 1:28:52]} Bb7 {[%clk 1:32:42]} 8. O-O
{[%clk 1:29:13]} c5 {[%clk 1:31:16]} 9. a4 {[%clk 1:26:31]} b4 {[%clk 1:31:21]}
10. a5 {[%clk 1:16:13]} Nbd7 {[%clk 1:28:47]} 11. d3 {[%clk 1:16:04]} Be7 {[%clk
1:27:25]} 12. Nbd2 {[%clk 1:16:24]} O-O {[%clk 1:26:43]} 13. Nc4 {[%clk 1:15:51]}
Rc8 {[%clk 1:26:00]} 14. e4 {[%clk 1:14:54]} Nb8 {[%clk 1:21:28]} 15. b3 {[%clk
1:13:54]} Ba6 {[%clk 1:20:26]} 16. Bb2 {[%clk 1:12:06]} Nc6 {[%clk 1:20:50]} 17.
Rfe1 {[%clk 1:02:48]} Ne8 {[%clk 1:16:49]} 18. e5 {[%clk 0:59:12]} Nc7 {[%clk
1:15:10]} 19. Nfd2 {[%clk 0:50:42]} Nb5 {[%clk 1:12:43]} 20. Rac1 {[%clk
0:31:28]} Qd7 {[%clk 1:05:07]} 21. Be4 {[%clk 0:29:28]} Ncd4 {[%clk 1:02:02]} 22.
Qd1 {[%clk 0:28:33]} Bb7 {[%clk 1:00:01]} 23. Nf3 {[%clk 0:27:00]} Rfd8 {[%clk
0:53:45]} 24. Bxd4 {[%clk 0:21:52]} cxd4 {[%clk 0:53:38]} 25. Bxb7 {[%clk
0:21:51]} Qxb7 {[%clk 0:54:03]} 26. Nfd2 {[%clk 0:22:06]} Qd5 {[%clk 0:44:43]}
27. Qg4 {[%clk 0:21:41]} Kh8 {[%clk 0:43:42]} 28. h4 {[%clk 0:21:09]} Rg8 {[%clk
0:41:57]} 29. Kh2 {[%clk 0:21:20]} Rc6 {[%clk 0:40:28]} 30. Nf3 {[%clk 0:19:46]}
f5 {[%clk 0:35:05]} 31. Qf4 {[%clk 0:18:55]} h6 {[%clk 0:32:20]} 32. Rh1 {[%clk
0:18:46]} Rcc8 {[%clk 0:28:23]} 33. Kg1 {[%clk 0:16:28]} Nc3 {[%clk 0:26:59]} 34.
Re1 {[%clk 0:15:50]} Rcd8 {[%clk 0:27:16]} 35. Rh2 {[%clk 0:14:22]} Rd7 {[%clk
0:27:18]} 36. Kf1 {[%clk 0:13:36]} Bd8 {[%clk 0:19:05]} 37. Ra1 {[%clk 0:13:39]}
Bc7 {[%clk 0:19:20]} 38. Ke1 {[%clk 0:10:29]} Qa8 {[%clk 0:17:44]} 39. Ng1 {[%clk
0:09:52]} Rd5 {[%clk 0:16:42]} 40. Nf3 {[%clk 0:39:28]} Qd8 {[%clk 0:44:04]} 41.
a6 {[%clk 0:39:26]} Qd7 {[%clk 0:42:11]} 42. Kf1 {[%clk 0:39:26]} Rd8 {[%clk
0:41:04]} 43. h5 {[%clk 0:39:41]} Qe8 {[%clk 0:38:14]} 44. g4 {[%clk 0:39:30]}
fxg4 {[%clk 0:38:22]} 45. Qxg4 {[%clk 0:39:56]} R5d7 {[%clk 0:36:31]} 46. Nh4
{[%clk 0:39:58]} Rf7 {[%clk 0:36:30]} 47. Kg1 {[%clk 0:39:15]} Kg8 {[%clk
0:34:10]} 48. Re1 {[%clk 0:33:33]} Qc6 {[%clk 0:31:20]} 49. Rg2 {[%clk 0:31:12]}
Nd5 {[%clk 0:26:26]} 50. Ng6 {[%clk 0:27:09]} Qxa6 {[%clk 0:21:28]} 51. Nd2
{[%clk 0:22:05]} Qxd3 {[%clk 0:15:13]} 52. Ne4 {[%clk 0:22:26]} Re8 {[%clk
0:14:11]} 53. Nf6+ {[%clk 0:17:20]} Nxf6 {[%clk 0:14:30]} 54. exf6 {[%clk
0:17:34]} Qc3 {[%clk 0:13:59]} 55. Rf1 {[%clk 0:16:46]} Rxf6 {[%clk 0:13:31]} 56.
f4 {[%clk 0:16:32]} Rf7 {[%clk 0:12:40]} 57. Re2 {[%clk 0:16:48]} Qxb3 {[%clk
0:11:01]} 58. Rfe1 {[%clk 0:17:09]} Rf6 {[%clk 0:10:19]} 59. Rc1 {[%clk 0:17:29]}
Bb6 {[%clk 0:09:24]} 60. Kh1 {[%clk 0:17:53]} Qd5+ {[%clk 0:08:01]} 61. Kh2
{[%clk 0:17:50]} Qf5 {[%clk 0:07:08]} 62. Qf3 {[%clk 0:17:56]} Rf7 {[%clk
0:06:31]} 63. Rec2 {[%clk 0:18:13]} e5 {[%clk 0:06:40]} 64. Re2 {[%clk 0:15:54]}
Kh7 {[%clk 0:04:25]} 65. Re4 {[%clk 0:16:06]} Rc7 {[%clk 0:03:30]} 66. Rce1
{[%clk 0:15:45]} Rc3 {[%clk 0:03:49]} 67. Nh4 {[%clk 0:15:50]} Rxf3 {[%clk
0:03:30]} 68. Nxf5 {[%clk 0:16:16]} Rf8 {[%clk 0:03:06]} 69. Nh4 {[%clk 0:16:29]}
R3xf4 {[%clk 0:02:38]} 70. Ng6 {[%clk 0:16:49]} Rxe4 {[%clk 0:01:55]} 71. Nxf8+
{[%clk 0:17:08]} Kg8 {[%clk 0:02:21]} 72. Rxe4 {[%clk 0:17:29]} Kxf8 {[%clk
0:02:48]} 73. Kg2 {[%clk 0:17:53]} Bc7 {[%clk 0:02:59]} 74. Kf3 {[%clk 0:18:20]}
a5 {[%clk 0:03:10]} 75. Ke2 {[%clk 0:18:45]} a4 {[%clk 0:02:39]} 76. Kd3 {[%clk
0:19:11]} b3 {[%clk 0:02:58]} 77. Kc4 {[%clk 0:19:27]} b2 {[%clk 0:03:18]} 78.
Re1 {[%clk 0:19:46]} Ba5 {[%clk 0:02:54]} 79. Rg1 {[%clk 0:18:06]} Bc3 {[%clk
0:02:53]} 0-1

[Event "Greek Team Championship"]
[Site "chess24.com"]
[Date "2017.07.07"]
[Round "6"]
[White "Stavrianakis, Ioannis"]
[Black "Mihailidis, Anastasios"]
[Result "1/2-1/2"]
[Board "3"]
[WhiteElo "2267"]
[WhiteTitle "FM"]
[WhiteCountry "GRE"]
[WhiteFideId "4208412"]
[WhiteEloChange "1"]
[BlackElo "2302"]
[BlackTitle "FM"]
[BlackCountry "GRE"]
[BlackFideId "4205588"]
[BlackEloChange "-1"]

1. d4 {[%clk 1:30:55]} d5 {[%clk 1:29:51]} 2. Nf3 {[%clk 1:31:05]} Nf6 {[%clk
1:30:00]} 3. e3 {[%clk 1:31:19]} e6 {[%clk 1:28:09]} 4. Bd3 {[%clk 1:31:40]} c5
{[%clk 1:28:23]} 5. c3 {[%clk 1:30:42]} Nc6 {[%clk 1:24:48]} 6. Nbd2 {[%clk
1:31:00]} b6 {[%clk 1:23:35]} 7. O-O {[%clk 1:29:26]} Bd6 {[%clk 1:23:38]} 8. Re1
{[%clk 1:22:59]} Bb7 {[%clk 1:08:42]} 9. dxc5 {[%clk 1:19:32]} Bxc5 {[%clk
1:02:56]} 10. b4 {[%clk 1:18:02]} Be7 {[%clk 1:02:33]} 11. Bb2 {[%clk 1:18:24]}
O-O {[%clk 0:59:33]} 12. a3 {[%clk 1:18:46]} Rc8 {[%clk 0:57:27]} 13. Rc1 {[%clk
1:08:48]} a6 {[%clk 0:50:15]} 14. c4 {[%clk 1:09:08]} dxc4 {[%clk 0:50:37]} 15.
Bxc4 {[%clk 1:04:45]} Qd6 {[%clk 0:37:16]} 16. Nb3 {[%clk 1:02:25]} Ng4 {[%clk
0:24:59]} 17. Qxd6 {[%clk 0:59:20]} Bxd6 {[%clk 0:22:56]} 18. h3 {[%clk 0:57:33]}
Nge5 {[%clk 0:21:55]} 19. Be2 {[%clk 0:57:46]} Rfd8 {[%clk 0:18:16]} 20. Nxe5
{[%clk 0:57:46]} Nxe5 {[%clk 0:18:16]} 21. Nd4 {[%clk 0:41:58]} b5 {[%clk
0:12:05]} 22. Rxc8 {[%clk 0:41:36]} Rxc8 {[%clk 0:11:59]} 23. Rc1 {[%clk
0:41:58]} Rxc1+ {[%clk 0:11:46]} 24. Bxc1 {[%clk 0:42:26]} Bd5 {[%clk 0:11:30]}
25. Nf3 {[%clk 0:41:01]} Nxf3+ {[%clk 0:10:54]} 26. Bxf3 {[%clk 0:39:58]} Bxf3
{[%clk 0:11:04]} 27. gxf3 {[%clk 0:40:26]} Be5 {[%clk 0:11:25]} 28. Kf1 {[%clk
0:40:15]} f5 {[%clk 0:10:20]} 29. f4 {[%clk 0:40:20]} Bf6 {[%clk 0:08:55]} 30.
Ke2 {[%clk 0:40:39]} Kf7 {[%clk 0:09:15]} 31. f3 {[%clk 0:40:43]} Kg6 {[%clk
0:08:26]} 32. e4 {[%clk 0:40:27]} Kh5 {[%clk 0:06:28]} 33. Kf1 {[%clk 0:38:46]}
Bd4 {[%clk 0:03:50]} 34. Kg2 {[%clk 0:39:06]} Bc3 {[%clk 0:02:32]} 35. Kg3 {[%clk
0:39:07]} Be1+ {[%clk 0:02:27]} 36. Kg2 {[%clk 0:39:31]} Bc3 {[%clk 0:02:55]} 37.
Kg3 {[%clk 0:39:55]} g6 {[%clk 0:01:38]} 38. Kg2 {[%clk 0:40:11]} Kh4 {[%clk
0:02:00]} 39. Kh2 {[%clk 0:40:32]} Bf6 {[%clk 0:01:38]} 40. Kg2 {[%clk 1:09:22]}
Bd4 {[%clk 0:32:06]} 41. Kh2 {[%clk 1:09:46]} Bb6 {[%clk 0:09:50]} 42. Kg2 {[%clk
1:09:33]} Bc7 {[%clk 0:07:49]} 43. Be3 {[%clk 1:09:28]} h6 {[%clk 0:05:03]} 44.
Bd2 {[%clk 1:06:41]} Bd6 {[%clk 0:01:29]} 45. Be3 {[%clk 1:06:10]} Bb8 {[%clk
0:01:58]} 46. Bd2 {[%clk 1:06:29]} Ba7 {[%clk 0:02:13]} 47. Be1+ {[%clk 0:56:57]}
Kh5 {[%clk 0:02:42]} 48. Bf2 {[%clk 0:56:32]} Bb8 {[%clk 0:01:34]} 49. Be3 {[%clk
0:56:25]} Bc7 {[%clk 0:01:46]} 50. Kf1 {[%clk 0:54:30]} Kh4 {[%clk 0:00:55]} 51.
Kg2 {[%clk 0:54:53]} g5 {[%clk 0:00:59]} 52. fxg5 {[%clk 0:54:02]} hxg5 {[%clk
0:01:28]} 53. exf5 {[%clk 0:47:52]} exf5 {[%clk 0:01:58]} 54. Bd4 {[%clk
0:48:04]} Bf4 {[%clk 0:02:12]} 55. Bb2 {[%clk 0:48:24]} Be3 {[%clk 0:02:30]} 56.
Kh2 {[%clk 0:48:45]} Bf4+ {[%clk 0:02:44]} 57. Kg2 {[%clk 0:49:11]} Bd2 {[%clk
0:03:12]} 58. Kh2 {[%clk 0:49:29]} Bf4+ {[%clk 0:03:11]} 1/2-1/2